书目信息 |
| 题名: |
空港城市复合系统演化研究
|
|
| 作者: | 刘洪波 , 闫芳 , 董润润 著 | |
| 分册: | ||
| 出版信息: | 北京 社会科学文献出版社·经济与管理分社 2017.5 |
|
| 页数: | 239页 | |
| 开本: | 24cm | |
| 丛书名: | 航空技术与经济丛书 | |
| 单 册: | ||
| 中图分类: | TU984.11 | |
| 科图分类: | ||
| 主题词: | 城市空间--空间规划--研究 | |
| 电子资源: | ||
| ISBN: | 978-7-5097-9506-4 | |
| 000 | 01394nam 2200301 450 | |
| 001 | 0400004874 | |
| 005 | 20171025112318.0 | |
| 010 | @a978-7-5097-9506-4@dCNY79.00 | |
| 100 | @a20170905d2017 em y0chiy50 ea | |
| 101 | 0 | @achi |
| 102 | @aCN@b110000 | |
| 105 | @ay z 000yy | |
| 106 | @ar | |
| 200 | 1 | @a空港城市复合系统演化研究@9kong gang cheng shi fu he xi tong yan hua yan jiu@dThe research on the evolution of the airport city composite system@f刘洪波,闫芳,董润润著@zeng |
| 210 | @a北京@c社会科学文献出版社·经济与管理分社@d2017.5 | |
| 215 | @a239页@d24cm | |
| 225 | 1 | @a航空技术与经济丛书@i研究系列@f梁晓夏,李勇总编 |
| 330 | @a本书以世界范围内空港城市的快速发展为背景,系统地分析了空港城市演化的主体、客体和动力,归纳总结了空港城市的演化规律,创新性地提出了基于社会资本的空港城市演化的主客体相互作用的理论和方法。同时,本书结合郑州航空港经济综合实验区的建设实践,就如何在主客体“复合系统”中构建空港城市演化进行了系统、详尽的阐述。 | |
| 461 | 0 | @12001 @a航空技术与经济丛书 |
| 462 | 0 | @12001 @a研究系列 |
| 510 | 1 | @aResearch on the evolution of the airport city composite system@zeng |
| 606 | 0 | @a城市空间@x空间规划@x研究 |
| 690 | @aTU984.11@v5 | |
| 701 | 0 | @a刘洪波@9liu hong bo@f(1975-)@4著 |
| 701 | 0 | @a闫芳@9yan fang@c(建筑)@4著 |
| 701 | 0 | @a董润润@9dong run run@c(女,@f1984-)@4著 |
| 801 | 0 | @aCN@b91MARC@c20171025 |
| 905 | @b1039716-20@dTU984.11@f5@e1352 | |
| 空港城市复合系统演化研究=The research on the evolution of the airport city composite system/刘洪波,闫芳,董润润著.-北京:社会科学文献出版社·经济与管理分社,2017.5 |
| 239页;24cm.-(航空技术与经济丛书.研究系列/梁晓夏,李勇总编) |
| ISBN 978-7-5097-9506-4:CNY79.00 |
| 本书以世界范围内空港城市的快速发展为背景,系统地分析了空港城市演化的主体、客体和动力,归纳总结了空港城市的演化规律,创新性地提出了基于社会资本的空港城市演化的主客体相互作用的理论和方法。同时,本书结合郑州航空港经济综合实验区的建设实践,就如何在主客体“复合系统”中构建空港城市演化进行了系统、详尽的阐述。 |
| ● |
| 相关链接 |
|
|
|
|
正题名:空港城市复合系统演化研究
索取号:TU984.11/1352
 
预约/预借
| 序号 | 登录号 | 条形码 | 馆藏地/架位号 | 状态 | 备注 |
| 1 | 1039716 | 210397168 | 第二样本阅览室/ [索取号:TU984.11/1352] | 在馆 | |
| 2 | 1039717 | 210397177 | 第三借阅区/ [索取号:TU984.11/1352] | 在馆 | |
| 3 | 1039718 | 210397186 | 密集书库-生命科学系/ [索取号:TU984.11/1352] | 在馆 | |
| 4 | 1039719 | 210397195 | 第三借阅区/ [索取号:TU984.11/1352] | 在馆 | |
| 5 | 1039720 | 210397202 | 第三借阅区/ [索取号:TU984.11/1352] | 在馆 |